01640cam a22003491 4500001001300000003000400013005001700017008004100034010001700075020000900092025002200101035002000123040001700143041001100160050002200171100004000193245026300233250002400496260007600520300002100596440005000617500008300667500020500750500006200955650003201017700005501049700003701104700004801141700003801189740004601227999001701273sa 68018309 DLC20260227112710.0860616s1968 ii 000 0 san  asa 68018309  c6.00 aPL480: I-San-1967 a(OCoLC)14148470 aDLCcNNdDLC0 asanhin00aPK541b.V336 19680 aVaradarāja,dactive 17th century.10aMadhyasiddhāntakaumudī.cŚrīvaradarājācāryaviracitā. 'Sudhā' 'Indumatī' Saṃskr̥ta Hindīvyākhyopetā. Saṃskr̥tavyākhyākāraḥ Śrīsadāśivaśāstrī Jośī. Hindīvyākhyākāraḥ Śrīrāmacandra Jhā. a[3. saṃskaraṇa] aVārāṇasī,bCaukhambā Saṃskr̥ta Sīrīja Āphisa,c1968. a16,740 p.b19cm. 0aHaridāsa-Saṃskr̥ta-granthamālā,v213 aIn Sanskrit; commentaries in Hindi and Sanskrit; introductory matter in Hindi. aThe Madhyasiddhantakaumudī by Varadarāja is an abridgement of and based on the Siddhāntakaumudī of Bhaṭṭojī Dīkṣita, which is in turn a commentary on Pāṇini's Aṣṭādhyāyi. aCover title: Vaiyākaraṇa-madhyasiddhānta-kaumudī. 0aSanskrit languagexGrammar.0 aBhaṭṭojī Dīkṣita.tSiddhāntakaumudī.0 aPāṇini.tAṣṭādhyāyi.1 aJośī, Sadāśivaśāstri.tSudhā.1 aJhā, Rāmacandra.tIndumatī.0 aVaiyakaraṇa-madhyasiddhāntakaumudī. c88316d88316